|
|
|
|
| LEADER |
00000nam a2200000 a 4500 |
| 001 |
UCR6325 |
| 003 |
CL-VaPUC |
| 008 |
980423e19680000CL |||||||||||||||||spa|d |
| 082 |
0 |
4 |
|a 637.1
|b FAO
|2 21
|
| 110 |
2 |
|
|a FAO
|e author
|9 407476
|
| 710 |
2 |
|
|a Organización de las Naciones Unidas para la Alimentación y la Aricultura
|e author
|9 407477
|
| 245 |
1 |
0 |
|a Cursos regionales de capacitación y demostraciones en industrias lecheras en Chile
|
| 300 |
|
|
|a 233 p
|
| 942 |
|
|
|c BK
|
| 945 |
|
|
|d 19980423 00:00:00
|a crobeson
|
| 260 |
|
|
|a Santiago
|b FAO
|c 1968
|
| 600 |
0 |
7 |
|a FAO
|2 CL-VaPUC
|9 407476
|
| 650 |
|
7 |
|a INDUSTRIA LECHERA
|2 CL-VaPUC
|9 259749
|
| 650 |
|
0 |
|a Leche
|9 259848
|
| 650 |
|
0 |
|a Productos lácteos
|9 259521
|
| 650 |
|
0 |
|a Conservación de los alimentos
|9 259337
|
| 650 |
|
7 |
|a HIGIENE DE ALIMENTOS
|2 CL-VaPUC
|9 259708
|
| 650 |
|
0 |
|a Control de calidad
|9 259714
|
| 650 |
|
7 |
|a TECNOLOGIA DE ALIMENTOS
|2 CL-VaPUC
|9 407478
|
| 650 |
|
7 |
|a CURSOS DE CAPACITACION
|2 CL-VaPUC
|9 340970
|
| 651 |
|
7 |
|a CHILE
|2 CL-VaPUC
|9 407479
|
| 583 |
|
|
|a last modification
|c 19980423 00:00:00
|k Rodrigo Vera
|
| 999 |
|
|
|c 268530
|d 268528
|
| 952 |
|
|
|0 0
|1 0
|4 0
|6 637_100000000000000_FAO_1968
|7 0
|8 A
|9 301716
|a BIBALI
|b BIBALI
|c GEN
|d 2019-11-20
|i 1991191
|o 637.1 FAO 1968
|p 1991191
|r 2025-01-20
|w 2019-11-20
|y BK
|k ALI
|